قصة السدود / (رقم التسجيلة. 13269)
[ عرض عادي ]
| 000 -الفاتح | |
|---|---|
| حقل البيانات ثابتة الطول | 00944nam a22001937a 4500 |
| 003 - محدد رقم الضبط | |
| رقم الضبط | INP |
| 005 - وقت وتاريخ اخر تعامل مع التسجيلة | |
| رقم الضبط | 20181114185906.0 |
| 008 - عناصر البيانات ثابتة الطول - معلومات عامة | |
| حقل البيانات ثابتة الطول | 120630s1964 ua a f||| 000 0 ara d |
| 040 ## - مصدر الفهرسة | |
| وكالة الفهرسة الأصلية | EG-INP |
| لغة الفهرسة | ara |
| وكالة النسخ | EG-INP |
| 082 04 - رقم تصنيف ديوى العشرى | |
| رقم الطبعة | 21 |
| رقم التصنيف | 627.8 |
| رقم المادة | ب ق |
| 100 1# - المدخل الرئيسى - إسم شخصى | |
| الإسم الشخصى | فارب، بيتر. |
| 245 10 - بيان العنوان | |
| العنوان | قصة السدود / |
| بيان المسئولية | بيتر فارب؛ ترجمة محمد توفيق محمود؛ مراجعة محمد محمد حسان. |
| 260 ## - بيانات النشر | |
| مكان الناشر او الموزع | القاهرة : |
| اسم الناشر او الموزع | دار النهضة العربية، |
| تاريخ النشر أو التوزيع | 1964. |
| 300 ## - الوصف المادى | |
| التعداد | 138 ص. : |
| تفاصيل ماديه اخرى للوعاء | إيض. ؛ |
| أبعاد الوعاء | 24 سم. |
| 490 0# - بيان السلسلة | |
| عنوان السلسلة | موضوعات الساعة؛ |
| رقم المجلد/ التعيين التسلسلي | 2 |
| 500 ## - تبصرة عامة | |
| تبصرة عامة | يشتمل على معجم مصطلحات. |
| 650 #7 - المدخل الاضافى بالموضوع-مصطلح موضوعى | |
| مصطلح موضوعي كعنصر مدخل | السدود. |
| مصدر الرأس أو المصطلح | qrmak |
| 650 #7 - المدخل الاضافى بالموضوع-مصطلح موضوعى | |
| مصطلح موضوعي كعنصر مدخل | مصادر المياة. |
| مصدر الرأس أو المصطلح | qrmak |
| 650 #7 - المدخل الاضافى بالموضوع-مصطلح موضوعى | |
| مصطلح موضوعي كعنصر مدخل | هندسة الري. |
| مصدر الرأس أو المصطلح | qrmak |
| 700 1# - المدخل الاضافى - اسم شخصى | |
| الإسم الشخصى | محمود، محمد توفيق، |
| الدور | مترجم. |
| 700 1# - المدخل الاضافى - اسم شخصى | |
| الإسم الشخصى | حسان، محمد محمد، |
| الدور | مراجع. |
| 901 ## - عنصر بيانات محلىA, LDA (RLIN) | |
| كود المفهرس | EGPV10 |
| 902 ## - عنصر بيانات محلىB, LDB (RLIN) | |
| كود المراجع | EGPV10 |
| 903 ## - original or copycat | |
| a | original |
| حالة التراجع | المكان المؤقت | الموقع الحالى | نوع وعاء كوها |
|---|---|---|---|
| Library INP | Library INP | كتاب |
Institute of National Planning Catalog